000 00822nam a2200289Ia 4500
008 160803s9999 xx 000 0 und d
020 _a0 439120616
100 _aSlobodkina, Esphyr
245 _aCaps for sale :
245 _ba tale of a peddler, some monkeys, and their monkey business /
245 _ctold and illustrated by Esphyr Slobodkina.
260 _aNew York :
260 _bScholastic Inc.
260 _c1968
300 _a39 unnumbered pages:
300 _bcolor illustrations ;
300 _c22 cm.
440 _aReading Rainbow Book.
500 _aOriginally published: New York : HarperCollins Publishers, c1968.
650 _aHats --
650 _aMonkeys --
650 _aPeddlers --
650 _xFiction.
650 _xFiction.
650 _xFiction.
700 _a480
999 _c299218
_d299218